Electronic engineering : (Record no. 591600)
[ view plain ]
| 000 -LEADER | |
|---|---|
| fixed length control field | 00420nam a22001097a 4500 |
| 020 ## - INTERNATIONAL STANDARD BOOK NUMBER | |
| International Standard Book Number | 9781138602601 |
| 082 ## - DEWEY DECIMAL CLASSIFICATION NUMBER | |
| Classification number | 621.381 |
| Author Mark | ELE |
| 245 ## - TITLE STATEMENT | |
| Title | Electronic engineering : |
| Remainder of title | proceedings of the 4th international conference of electronic engineering and information science (ICEEIS 2017), January 7-8, 2017 / |
| Statement of responsibility, etc. | Editor: Dongxing Wang |
| 260 ## - PUBLICATION, DISTRIBUTION, ETC. | |
| Place of publication, distribution, etc. | Boca Raton : |
| Name of publisher, distributor, etc. | CRC Press, |
| Date of publication, distribution, etc. | 2018. |
| 300 ## - PHYSICAL DESCRIPTION | |
| Extent | 254 p. ; |
| Dimensions | 25 cm. |
| 942 ## - ADDED ENTRY ELEMENTS (KOHA) | |
| Source of classification or shelving scheme | |
| Koha item type | Book |
| Withdrawn status | Lost status | Source of classification or shelving scheme | Damaged status | Not for loan | Permanent Location | Current Location | Shelving location | Date acquired | Source of acquisition | Total Checkouts | Full call number | Barcode | Date last seen | Price effective from | Koha item type |
|---|---|---|---|---|---|---|---|---|---|---|---|---|---|---|---|
| Central Library (CL) | Central Library (CL) | Chinese Studies | 10/10/2022 | Donated by China Embassy | 621.381 ELE | CL-D-1941 | 10/10/2022 | 10/10/2022 | Book |
